Metapolítica : Democracia transparente /
Kaydedildi:
| Diğer Yazarlar: | |
|---|---|
| Materyal Türü: | Kitap |
| Dil: | İspanyolca |
| Baskı/Yayın Bilgisi: |
México :
Centro de Estudios de Política Comparada,
2000, c2000
|
| Konular: | |
| Etiketler: |
Etiket eklenmemiş, İlk siz ekleyin!
|
MARC
| LEADER | 00000nam^a2200000^a^4500 | ||
|---|---|---|---|
| 001 | 000399886 | ||
| 005 | 20250521000000.0 | ||
| 009 | 20260310121603.974 | ||
| 022 | |a 1405-4558 | ||
| 037 | |a Acervo ITESO - Biblioteca | ||
| 041 | |a ESP | ||
| 082 | |a 320. 05 |b MET V. 14 | ||
| 240 | 1 | 1 | |a [Metapolítica] |
| 245 | 0 | 0 | |a Metapolítica : |b Democracia transparente / |c Dir. de C. Cansino. |
| 264 | 4 | |a México : |b Centro de Estudios de Política Comparada, |c 2000, c2000 | |
| 300 | |a 186 p. | ||
| 336 | |a texto |b txt |2 rdacontenido | ||
| 337 | |a sin mediación |b n |2 rdamedio | ||
| 338 | |a volumen |b nc |2 rdasoporte | ||
| 649 | |a XX | ||
| 650 | |a Filósofos Suizos | ||
| 650 | |a Filósofos Italianos | ||
| 650 | |a Democracia - |x Teoría | ||
| 650 | |a Democracia - |x Tema Principal | ||
| 650 | |a Centralización y Descentralización | ||
| 650 | |a Política - |x Teoría - |x Tema Principal | ||
| 650 | |a Política - |x Publicaciones Periódicas Mexicanas - |x Tema Principal | ||
| 650 | |a Publicaciones Periódicas Mexicanas | ||
| 650 | |a Bobbio, Norberto - |x Tema Principal | ||
| 650 | |a Rousseau, Jean-Jacques | ||
| 740 | 0 | |a Metapolítica : |b Vol. 4, No. 14, abril-junio de 2000 / |c Dir. de C. Cansino. | |
| 700 | |a Cansino, César |e (dirección) | ||
| 910 | |a Fondo Carlos Núñez Hurtado | ||
| 920 | |a Impresos - Libros | ||
| 930 | |a Fondos Especiales | ||
| 905 | |a 117 | ||
| 901 | |a 0500295347 |b IT2 |c ESP |i d81067 |u 20250521 | ||
| 902 | |a https://opac.biblio.iteso.mx/vufind/Record/000399886 | ||